Szczegóły MARC21

PONS-Fachwörterbuch Wirtschaft : English-Deutsch, Deutsch-Englisch /

005 -DATA I CZAS OSTATNIEJ MODYFIKACJI [,]
    • @
    • pole kontrolne
    • 20070315155141.9
020 -Międzynarod. znormalizowany nr książki - ISBN [ , ]
    • a
    • Numer ISBN
    • 3125179300 Find
040 -Instytucja sporządzająca opis [ , ]
    • a
    • Instytucja, która sporządziła opis (NP)
    • SZCZ U
    • c
    • Instytucja, która sporządziła rekord (NP)
    • SZCZ U
942 -Rodzaj dokumentu [ , ]
    • c
    • Rodzaj dokumentu
    • Książka
245 -Strefa tytułu i oznaczenia odpowiedzialności [0, ]
    • a
    • Tytuł
    • PONS-Fachwörterbuch Wirtschaft : Find
    • b
    • Ciąg dalszy tytułu (NP)
    • English-Deutsch, Deutsch-Englisch / Find
    • c
    • Pozostałe elementy strefy tytułu i oznaczenia odpowiedzialności (NP)
    • von P.H.Collin [i in.].
250 -Strefa wydania [ , ]
    • a
    • Oznaczenie wydania (NP)
    • [Nachdr.].
260 -Strefa adresu wydawniczego [ , ]
    • a
    • Miejsce wydania (P)
    • Stuttgart :
    • b
    • Nazwa wydawcy (P)
    • E.Klett Verl.für Wissen und Bildung,
    • c
    • Data wydania (P)
    • 1994.
300 -Strefa opisu fizycznego [ , ]
    • a
    • Określenie formy książki i/lub objętość (NP)
    • 370, 85 s. :
    • c
    • Format (NP)
    • 20 cm.
500 -Uwaga ogólna [ , ]
    • a
    • Uwaga ogólna (NP)
    • Tekst w jęz. niem. i ang
080 -Uniwersalna Klasyfikacja Dziesiętna [ , ]
    • a
    • Symbol klasyfikacji
    • 33(03)=20=30
980 -Symbol UKD [ , ]
    • a
    • UKD
    • 33(03)=20=30
700 -Hasło dodatkowe - nazwa osobowa [ , ]
    • a
    • Nazwa osobowa (NP)
    • Collin Peter H. Find
700 -Hasło dodatkowe - nazwa osobowa [ , ]
    • a
    • Nazwa osobowa (NP)
    • Janssen Sigrid Find
700 -Hasło dodatkowe - nazwa osobowa [ , ]
    • a
    • Nazwa osobowa (NP)
    • Kornmüller Anke Find
700 -Hasło dodatkowe - nazwa osobowa [ , ]
    • a
    • Nazwa osobowa (NP)
    • Livesey Rupert Find
920 -ISBN [ , ]
    • a
    • ISBN
    • 3-12-517930-0 Find
Status udost. Numer inwentarzowy Data inwentaryzacji Lokalizacja
-2S.875792001-01-21BE